000 00590cam a2200217ua 4500
001 5352
005 20260515113853.0
008 120823n ii |||gr||||Z||||||eng
020 _a978-93-81572-14-6
040 _cMAIN
082 _a304.6
100 1 _aDevi, Laishram Bijeta,
_eAuthor.
245 1 1 _aHandbook for special population
_cby Laishram Bijeta Devi
250 _a1st.
260 _aTamil Nadu:
_bRajiv Gandhi National Institute of Youth Development,
_c2011.
300 _aiv,99p.
653 _aSociology
653 _aPopulation
653 _aSpecial Population
942 _cBK
999 _c4529
_d4529